Haz clic en el país sudamericano en un mapa sin fronteras - Estadísticas

Estadísticas generales
  • Esta prueba ha sido intentada 3.424 veces
  • La puntuación promedio es 10 de 13
Respuestas en el mapa
Las respuestas están codificadas por una escala verde-roja en el mapa de la prueba según el % correcto abajo.
 
Estadísticas de respuestas
Respuesta % Correcto
Brasil
91%
Chile
90%
Argentina
89%
Venezuela
85%
Perú
84%
Colombia
82%
Uruguay
79%
Bolivia
77%
Ecuador
76%
Paraguay
71%
Guyana
67%
Surinam
66%
Guayana Francesa
62%
No se encontraron pruebas coincidentes
Distribución de puntuación
Porcentaje de gente con cada puntuación
Porcentaje por número respondido
Historial de tus puntuaciones
No has intentado esta prueba.